QUEST Central Library Banner

Network Security Essentials: Applications and Standards (Record no. 4001)

MARC details
000 -LEADER
fixed length control field 00543nam a2200193 a 4500
020 ## - INTERNATIONAL STANDARD BOOK NUMBER
ISBN 8131716643 (paperback)
020 ## - INTERNATIONAL STANDARD BOOK NUMBER
ISBN 9788131716649 (paperback)
082 ## - DEWEY DECIMAL CLASSIFICATION NUMBER
Classification number 004.678STA
100 1# - MAIN ENTRY--AUTHOR NAME
Personal name Stallings, William
245 10 - TITLE STATEMENT
Title Network Security Essentials: Applications and Standards
250 ## - EDITION STATEMENT
Edition statement 3rd edition
260 ## - PUBLICATION, DISTRIBUTION, ETC. (IMPRINT)
Place of publication New Delhi
Name of publisher Pearson,
Year of publication 2009
300 ## - PHYSICAL DESCRIPTION
Number of Pages 409p.
650 ## - SUBJECT ADDED ENTRY--TOPICAL TERM
Topical Term Computer networks
650 ## - SUBJECT ADDED ENTRY--TOPICAL TERM
Topical Term Computer security
650 ## - SUBJECT ADDED ENTRY--TOPICAL TERM
Topical Term Security measures
856 40 - ELECTRONIC LOCATION AND ACCESS
Uniform Resource Identifier http://10.10.170.122:8080/browse/book/25181
942 ## - ADDED ENTRY ELEMENTS (KOHA)
Koha item type Books
Holdings
Withdrawn status Lost status Collection code Home library Current library Shelving location Date acquired Cost, normal purchase price Full call number Accession Number Koha item type
      Central Library, QUEST, Nawabshah Central Library, QUEST, Nawabshah   22/05/2014 752.00 004.6STA 47383 Books
      Central Library, QUEST, Nawabshah Central Library, QUEST, Nawabshah   22/05/2014 752.00 004.6STA 47384 Books
      Central Library, QUEST, Nawabshah Central Library, QUEST, Nawabshah   22/05/2014 752.00 004.6STA 47385 Books
      Central Library, QUEST, Nawabshah Central Library, QUEST, Nawabshah   22/05/2014 752.00 004.6STA 47386 Books
      Central Library, QUEST, Nawabshah Central Library, QUEST, Nawabshah   29/05/2014 968.00 004.6STA 46638 Books
      Central Library, QUEST, Nawabshah Central Library, QUEST, Nawabshah   29/10/2015 1320.00 0046068STA 52492 Books
      Central Library, QUEST, Nawabshah Central Library, QUEST, Nawabshah   28/11/2023 858.00 004.678STA 47118 Books
    Reference Reference Section Reference Section Reference 22/05/2014 752.00 005.8 STA (Shelf -13C) 47382 Books
      Seminar Library, Information Technology Seminar Library, Information Technology   27/05/2014 936.00 004.6STA 47843 Books
      Seminar Library, Information Technology Seminar Library, Information Technology   17/07/2014 1087.00 004.6STA 50153 Books
      Seminar Library, Information Technology Seminar Library, Information Technology   24/03/2015 1100.00 004.678STA 51377 Books

Copyright © 2018,The QUEST, Nawabshah, Shaheed Benazirabad. All rights reserved
Mr. G. Farooq Channar (Librarian) QUEST, Nawabshah, Sindh, Pakistan 67480.
 Ph#: |   0244-9370381-4 Ext. 2308   Email| lib@quest.edu.pk   Web|  http://www.quest.edu.pk